Davidson Principles and Practice of Medicine (Record no. 246330)

MARC details
000 -LEADER
fixed length control field 00460nam a2200181Ia 4500
008 - FIXED-LENGTH DATA ELEMENTS--GENERAL INFORMATION
fixed length control field 240913s9999||||xx |||||||||||||| ||und||
082 ## - DEWEY DECIMAL CLASSIFICATION NUMBER
-- 616 Q4
100 ## - MAIN ENTRY--PERSONAL NAME
Personal name Walker, Brain R
245 #0 - TITLE STATEMENT
Title Davidson Principles and Practice of Medicine
250 ## - EDITION STATEMENT
Edition statement 22nd
260 ## - PUBLICATION, DISTRIBUTION, ETC. (IMPRINT)
Date of publication, distribution, etc 2014
Name of publisher, distributor, etc Els
Place of publication, distribution, etc Japan
500 ## - GENERAL NOTE
General note REFERENCE
650 ## - SUBJECT ADDED ENTRY--TOPICAL TERM
Topical term or geographic name as entry element Perfusion Technology
942 ## - ADDED ENTRY ELEMENTS (KOHA)
Item type Reference
Holdings
Withdrawn status Lost status Damaged status Permanent location Current location Shelving location Date acquired Source of acquisition Cost, normal purchase price Full call number Barcode Date last seen Koha item type
      CENTRAL LIBRARY, NOORUL ISLAM CENTRE FOR HIGHER EDUCATION CENTRAL LIBRARY, NOORUL ISLAM CENTRE FOR HIGHER EDUCATION   10/28/2017 Vrindha Book Distributors, Pathanamthitta 2950.00 616 Q4 76255 09/13/2024 Reference
Visitors:
Copyright © 2024 Central Library NICHE.  All rights reserved.